000 00487nam a2200181Ia 4500
005 20250508150207.0
008 008 250505s9999 xx 000 0 eng d
037 _aTextual
040 _aFEDL
_beng
_cFEDL
041 _aeng
_2eng
084 _a184.1, PLA
_qFEDL
100 _aEdman Irwin Ed.
_9755974
245 0 _aWorks of Plato
260 _aNew York, USA
_bModern Library
_c1928
300 _axlviii,577p
942 _cTEXL
_h184.1, PLA
999 _c1322310
_d1322310